| 000 | 01103nam a2200301 a 4500 | ||
|---|---|---|---|
| 003 | DO-SdBPM | ||
| 005 | 20250618135609.0 | ||
| 007 | ta | ||
| 008 | 100322s2018 dr 000 0 spa d | ||
| 020 | _a9789945609349 | ||
| 040 |
_aDO-SdBPM _bspa _cBPMSU _erda _drda |
||
| 082 | 4 |
_a860.9 _bM632p 2018 _222 |
|
| 100 | 1 |
_aMieses, Juan Carlos, _d1947- _eautor |
|
| 245 | 1 | 0 |
_aPalabras como agua : _bdiálogos y reflexiones de Juan Carlos Mieses en torno al oficio de escritor / _cJuan Carlos Mieses ; editor Isael Pérez |
| 264 |
_aSanto Domingo : _bEditoria. Santuario, _c2018 |
||
| 300 |
_a79 páginas : _c23 cm. |
||
| 336 |
_atexto _btxt _2rdacontent |
||
| 337 |
_asin mediación _bn _2rdamedia |
||
| 338 |
_avolumen _bnc _2rdacarrier |
||
| 500 | _aIncluye datos biográficos del autor en la solapa de la cubierta. | ||
| 590 | _aInventariado, 2025/VM | ||
| 600 | 1 | 4 |
_aMieses, Juan Carlos, _d1947- |
| 650 | 7 | _aLiteratura dominicana. | |
| 650 | 4 |
_aAutores dominicanos _xEntrevistas _ySiglo XX |
|
| 700 | 1 |
_aPérez, Isael, _d1961- _eeditor |
|
| 910 | _aVMateo V. Control de calidad.BPMSU | ||
| 942 |
_2ddc _cBK |
||
| 999 |
_c15188 _d15188 |
||